Homenaje

Guardat en:
Dades bibliogràfiques
Autor principal: Guerra-Trigueros, A.
Format: Llibre
Idioma:Undetermined
Publicat: San Salvador, El Salvador Amigos de la Cultura 1935
Matèries:
Etiquetes: Afegir etiqueta
Sense etiquetes, Sigues el primer a etiquetar aquest registre!

MARC

LEADER 00000nam a2200000Ia 4500
008 170316s9999 xx 000 0 und d
040 |a cru BVZT 
090 |a 860 G-34h 
100 |a Guerra-Trigueros, A. 
245 |a Homenaje 
260 |a San Salvador, El Salvador 
260 |b Amigos de la Cultura 
260 |c 1935 
300 |a 69 páginas 
650 |a LITERATURA LATINOAMERICANA 
999 |c 8768  |d 8768 
942 |c 15 D  |h 860 G-34h  |2 z